00424 2200181 4500001002100000005001500021008004100036020002200077035001900099041000700118082000800125090001400133100001900147245001600166260002200182300002700204650001100231INLIS00000000000269920241224112603241224||||||||| | ||| |||| || |  a978-979-8003-48-6 0010-1224002699 aen0 a819 a819 MAR d0 aMargasulaksana00aDiarah Pati bKiblat Buku Utama a198 hlm;14.5 x 20.5 cm 0aSastra